000 01358nam a22003497a 4500
001 426
003 FISKH
005 20230420084821.0
008 230420b cb ||||| |||| 00| 0 eng d
020 _a9780698115804
040 _aDLC
_cDLC
_dDLC
_dFISKH
_beng
050 0 0 _aE111
_b.F79 1980
082 0 0 _a970.01/5
_aB
_a92
100 1 _aFritz, Jean.
245 1 0 _aWhere do you think you're going, Christopher Columbus? /
_cJean Fritz ; pictures by Margot Tomes.
260 _aNew York :
_bPutnam,
_cc1980.
300 _a80 p. :
_bill. (some col.) ;
_c24 cm.
520 _aDiscusses the voyages of Christopher Columbus who determined to beat everyone in the race to the Indies.
521 8 _a890
_bLexile
521 8 _aQ
_bRaz-Plus
600 1 0 _aColumbus, Christopher
_vJuvenile literature.
600 1 1 _aColumbus, Christopher.
650 0 _aExplorers
_zSpain
_vBiography
_vJuvenile literature.
650 0 _aExplorers
_zAmerica
_vBiography
_vJuvenile literature.
650 1 _aExplorers.
651 0 _aAmerica
_xDiscovery and exploration
_xSpanish
_vJuvenile literature.
651 1 _aAmerica
_xDiscovery and exploration
_xSpanish.
700 1 _aTomes, Margot.
856 4 2 _3Contributor biographical information
_uhttp://www.loc.gov/catdir/enhancements/fy1206/80011377-b.html
906 _a7
_bcbc
_corignew
_d1
_eocip
_f19
_gy-gencatlg
942 _2ddc
_cBK
_n0
999 _c426
_d426